[Event "GBR-ch90 Senior Ch"]
[Site "Edinburgh"]
[Date "2003.07.30"]
[Round "5"]
[White "Reuben, Stewart"]
[Black "Boyce, James R"]
[Result "1/2-1/2"]
[WhiteElo "2088"]
[BlackElo "1840"]
[PlyCount "94"]
[EventDate "2003.07.26"]
[EventType "swiss"]
[EventRounds "7"]
[EventCountry "GBR"]

1. c4 e6 2. b3 Nf6 3. Bb2 Be7 4. Nf3 O-O 5. Nc3 d5 6. e3 c5 7. Qc2 Nc6 8. cxd5
exd5 9. d3 d4 10. Nd1 dxe3 11. fxe3 Bg4 12. Be2 Bxf3 13. gxf3 Nd5 14. O-O Rc8
15. f4 Bf6 16. Bxf6 Qxf6 17. Rc1 b6 18. Rf3 Rfe8 19. Qd2 Re6 20. Nf2 Qe7 21. e4
Nd4 22. Rg3 Nxe2+ 23. Qxe2 Nxf4 24. Qg4 Ng6 25. d4 Qh4 26. Qxh4 Nxh4 27. Rgc3
Rec6 28. dxc5 bxc5 29. Nd3 Rg6+ 30. Kf2 Rcc6 31. Rxc5 Rcf6+ 32. Ke2 h6 33. Rf1
Rg2+ 34. Rf2 Rfxf2+ 35. Nxf2 Rxh2 36. Rc8+ Kh7 37. Rc7 Ng6 38. Rxf7 Ne5 39. Rf5
Ng4 40. b4 Nxf2 41. Rxf2 Rh4 42. a4 Rh1 43. Rf7 a5 44. bxa5 Ra1 45. Rf5 Rxa4
46. Kd3 g5 47. Rc5 g4 1/2-1/2

[Event "GBR-ch90 Senior Ch"]
[Site "Edinburgh"]
[Date "2003.07.30"]
[Round "5"]
[White "Rose, Anthony"]
[Black "Ellison, D George"]
[Result "0-1"]
[WhiteElo "1552"]
[BlackElo "1976"]
[PlyCount "120"]
[EventDate "2003.07.26"]
[EventType "swiss"]
[EventRounds "7"]
[EventCountry "GBR"]

1. d4 f5 2. Nc3 Nf6 3. Bg5 e6 4. d5 e5 5. e4 d6 6. Nb5 Be7 7. Bxf6 Bxf6 8. Nc3
O-O 9. Bd3 f4 10. Nf3 Bg4 11. Be2 Nd7 12. h3 Bh5 13. Nh2 Bg6 14. Bf3 a5 15. a3
a4 16. O-O Bf7 17. Qe2 Nc5 18. Na2 Qe8 19. Nb4 h5 20. Nd3 Nd7 21. b4 axb3 22.
cxb3 c6 23. Nb4 cxd5 24. Nxd5 Bxd5 25. exd5 e4 26. Bxh5 g6 27. Qg4 Ne5 28. Qxf4
gxh5 29. Qxe4 Ng6 30. Qxe8 Rfxe8 31. Ra2 Nf4 32. a4 Ra5 33. Rd2 Rxd5 34. Rxd5
Nxd5 35. Rd1 Nc3 36. Rf1 d5 37. Nf3 d4 38. g4 hxg4 39. hxg4 d3 40. g5 Bg7 41.
Kg2 Re2 42. b4 d2 43. Nxd2 Rxd2 44. a5 Nd5 45. Re1 Rb2 46. Re8+ Kf7 47. Rd8
Nf4+ 48. Kf3 Rxb4 49. Rd7+ Kf8 50. Rd6 Ke7 51. Rb6 Rxb6 52. axb6 Nd5 53. Kg4
Nxb6 54. f4 Nd5 55. f5 b5 56. f6+ Nxf6+ 57. gxf6+ Kxf6 58. Kf4 Ke6 59. Ke4 Kd6
60. Kd3 Kc5 0-1

[Event "GBR-ch90 Senior Ch"]
[Site "Edinburgh"]
[Date "2003.07.30"]
[Round "5"]
[White "Roth, Michael J"]
[Black "Thomas, Norman G"]
[Result "1-0"]
[WhiteElo "1816"]
[BlackElo "1504"]
[PlyCount "97"]
[EventDate "2003.07.26"]
[EventType "swiss"]
[EventRounds "7"]
[EventCountry "GBR"]

1. e4 c5 2. Nf3 Nf6 3. Nc3 d5 4. exd5 Nxd5 5. Bb5+ Bd7 6. Bxd7+ Qxd7 7. O-O e6
8. Ne5 Qc7 9. Qe2 Nxc3 10. dxc3 Nc6 11. Nxc6 Qxc6 12. Bf4 Bd6 13. Bxd6 Qxd6 14.
Rad1 Qc6 15. Rd3 Rd8 16. Rxd8+ Kxd8 17. Rd1+ Ke7 18. Qg4 g6 19. Rd3 h6 20. Qf4
g5 21. Qe5 f6 22. Qe2 Rd8 23. b3 b5 24. Qh5 Qe4 25. Qd1 Rd5 26. f3 Qe5 27. Kf2
Qd6 28. h3 Rxd3 29. Qxd3 Qxd3 30. cxd3 Kd6 31. a3 a5 32. Ke3 Kd5 33. g3 c4 34.
dxc4+ bxc4 35. b4 axb4 36. axb4 f5 37. f4 e5 38. fxe5 Kxe5 39. b5 Kd5 40. b6
Kc6 41. Kd4 Kxb6 42. Ke5 Ka5 43. Kd4 Kb5 44. Kd5 h5 45. Ke5 h4 46. gxh4 g4 47.
hxg4 fxg4 48. Kf4 Ka4 49. h5 1-0

[Event "GBR-ch90 Senior Ch"]
[Site "Edinburgh"]
[Date "2003.07.30"]
[Round "5"]
[White "Smith, Ivor BN"]
[Black "Gill, Neville"]
[Result "0-1"]
[WhiteElo "1920"]
[BlackElo "2112"]
[PlyCount "38"]
[EventDate "2003.07.26"]
[EventType "swiss"]
[EventRounds "7"]
[EventCountry "GBR"]

1. e4 e5 2. Nf3 Nc6 3. c3 Nf6 4. d4 Nxe4 5. d5 Ne7 6. Nxe5 Ng6 7. Bd3 Nxe5 8.
Bxe4 Bc5 9. Qh5 d6 10. Bg5 Bg4 11. Qh4 f6 12. Be3 g5 13. Qg3 f5 14. Bxf5 Bxf5
15. Bxg5 Qd7 16. O-O Rg8 17. Qf4 Bxb1 18. Raxb1 Qg7 19. b4 Bb6 0-1

[Event "GBR-ch90 Senior Ch"]
[Site "Edinburgh"]
[Date "2003.07.30"]
[Round "5"]
[White "Tidmarsh, David A"]
[Black "Smith, David"]
[Result "1/2-1/2"]
[WhiteElo "1696"]
[BlackElo "1712"]
[PlyCount "60"]
[EventDate "2003.07.26"]
[EventType "swiss"]
[EventRounds "7"]
[EventCountry "GBR"]

1. e4 d6 2. d4 Nf6 3. Nc3 g6 4. Bc4 c6 5. Bb3 Bg7 6. f3 Qc7 7. Be3 b5 8. a3
Nbd7 9. Nge2 a6 10. Qd2 Bb7 11. Nd1 c5 12. c3 e5 13. d5 c4 14. Bc2 Nc5 15. Nf2
h5 16. h4 Bc8 17. a4 bxa4 18. Bxa4+ Nxa4 19. Rxa4 Bd7 20. Ra2 O-O 21. Bh6 Qd8
22. Bxg7 Kxg7 23. Kd1 Qb6 24. Nc1 a5 25. Ke2 a4 26. Ra3 Rfb8 27. Nd1 Rb7 28.
Na2 Rab8 29. Nb4 Be8 30. Ne3 Bd7 1/2-1/2

[Event "GBR-ch90 Senior Ch"]
[Site "Edinburgh"]
[Date "2003.07.30"]
[Round "5"]
[White "Toothill, John"]
[Black "Dickson, George"]
[Result "1/2-1/2"]
[WhiteElo "1984"]
[BlackElo "1928"]
[PlyCount "77"]
[EventDate "2003.07.26"]
[EventType "swiss"]
[EventRounds "7"]
[EventCountry "GBR"]

1. e4 d6 2. d4 Nf6 3. Nc3 g6 4. Nf3 Bg7 5. Be2 O-O 6. O-O Bg4 7. Be3 Nc6 8. Qd2
d5 9. exd5 Nxd5 10. Nxd5 Qxd5 11. h3 Bf5 12. Rad1 Qxa2 13. g4 Bc8 14. b3 Qa5
15. Qxa5 Nxa5 16. Bf4 b6 17. Bxc7 Bb7 18. Be5 Rac8 19. Bxg7 Kxg7 20. Rd2 Rc3
21. Kg2 Rfc8 22. Bd3 Rd8 23. Kg3 Bxf3 24. Kxf3 Rxd4 25. Ke3 Rd6 26. Ra1 Nc6 27.
Ra4 b5 28. Re4 f5 29. gxf5 gxf5 30. Rh4 e5 31. f3 Nd4 32. Rg2+ Rg6 33. Rxg6+
hxg6 34. f4 e4 35. Kxd4 b4 36. Bxe4 fxe4 37. Kxe4 Rxc2 38. f5 Rc3 39. fxg6
1/2-1/2

[Event "GBR-ch90 Senior Ch"]
[Site "Edinburgh"]
[Date "2003.07.30"]
[Round "5"]
[White "Watson, James P"]
[Black "Flockhart, Hugh S"]
[Result "0-1"]
[WhiteElo "1672"]
[BlackElo "1776"]
[PlyCount "70"]
[EventDate "2003.07.26"]
[EventType "swiss"]
[EventRounds "7"]
[EventCountry "GBR"]

1. d4 c5 2. d5 Nf6 3. Nc3 g6 4. e4 d6 5. Nf3 Bg7 6. Be2 O-O 7. O-O Nbd7 8. Re1
a6 9. a4 Rb8 10. Rb1 Ne8 11. Bd2 Nc7 12. Qc1 Re8 13. Bh6 Bh8 14. h4 b5 15. axb5
axb5 16. Ng5 b4 17. Nd1 Ne5 18. Ne3 f6 19. Nf3 Nf7 20. Bf4 h5 21. Nc4 Bg7 22.
Ra1 Kh7 23. Qd1 Na8 24. Nfd2 Rf8 25. Ra7 Nc7 26. Na5 Bd7 27. Bg3 Ra8 28. Rxa8
Qxa8 29. Nac4 Nb5 30. Nb3 Qa2 31. f4 f5 32. exf5 Bxf5 33. Bxh5 gxh5 34. Qxh5+
Nh6 35. Bf2 Bg4 0-1

[Event "GBR-ch90 Senior Ch"]
[Site "Edinburgh"]
[Date "2003.07.31"]
[Round "6"]
[White "Bissell, Maurice"]
[Black "Roth, Michael J"]
[Result "1-0"]
[WhiteElo "1840"]
[BlackElo "1816"]
[PlyCount "49"]
[EventDate "2003.07.26"]
[EventType "swiss"]
[EventRounds "7"]
[EventCountry "GBR"]

1. d4 d5 2. c4 dxc4 3. Nc3 c6 4. a4 Nf6 5. e4 e5 6. Nf3 Bb4 7. Nxe5 Nxe4 8. Qf3
Nf6 9. Be3 Be6 10. Bxc4 Bxc4 11. Nxc4 Nd5 12. O-O Bxc3 13. bxc3 O-O 14. Bc1 Nd7
15. Ba3 Qf6 16. Qxf6 N7xf6 17. Bxf8 Kxf8 18. Nd6 Nxc3 19. Rfe1 Rd8 20. Nxb7
Rxd4 21. a5 Rd2 22. f3 Nfd5 23. Ra3 Ne2+ 24. Kf1 Ne3+ 25. Rxe3 1-0

[Event "GBR-ch90 Senior Ch"]
[Site "Edinburgh"]
[Date "2003.07.31"]
[Round "6"]
[White "Boyce, James R"]
[Black "Anderton, David W"]
[Result "0-1"]
[WhiteElo "1840"]
[BlackElo "2184"]
[PlyCount "52"]
[EventDate "2003.07.26"]
[EventType "swiss"]
[EventRounds "7"]
[EventCountry "GBR"]

1. e4 e6 2. Nf3 d5 3. Nc3 Nf6 4. Qe2 Be7 5. g3 O-O 6. Bg2 d4 7. Nd1 c5 8. O-O
Nc6 9. d3 e5 10. Ne1 Ne8 11. f4 f6 12. Nf3 Nd6 13. Nf2 Be6 14. f5 Bf7 15. g4 c4
16. h4 Rc8 17. Bh3 Nb4 18. a3 cxd3 19. cxd3 Nc2 20. Rb1 Ba2 21. Bd2 Bxb1 22.
Rxb1 Qb6 23. Qd1 Ne3 24. Qe1 Rc2 25. g5 Rxb2 26. Ra1 Nc2 0-1

[Event "GBR-ch90 Senior Ch"]
[Site "Edinburgh"]
[Date "2003.07.31"]
[Round "6"]
[White "Ellison, D George"]
[Black "Toothill, John"]
[Result "1-0"]
[WhiteElo "1976"]
[BlackElo "1984"]
[PlyCount "49"]
[EventDate "2003.07.26"]
[EventType "swiss"]
[EventRounds "7"]
[EventCountry "GBR"]

1. e4 e5 2. Nf3 Nc6 3. Bc4 Nf6 4. Ng5 d5 5. exd5 Na5 6. Bb5+ c6 7. dxc6 bxc6 8.
Be2 h6 9. Nf3 e4 10. Ne5 Bd6 11. f4 Qc7 12. d4 O-O 13. O-O c5 14. c3 Bb7 15.
Na3 a6 16. Nc2 Rad8 17. Qe1 Nc6 18. Ng4 Nxg4 19. Bxg4 f5 20. Be2 cxd4 21. cxd4
Nxd4 22. Nxd4 Bc5 23. Be3 Bxd4 24. Qf2 Bxb2 25. Rab1 1-0

[Event "GBR-ch90 Senior Ch"]
[Site "Edinburgh"]
[Date "2003.07.31"]
[Round "6"]
[White "Flockhart, Hugh S"]
[Black "Tidmarsh, David A"]
[Result "1/2-1/2"]
[WhiteElo "1776"]
[BlackElo "1696"]
[PlyCount "48"]
[EventDate "2003.07.26"]
[EventType "swiss"]
[EventRounds "7"]
[EventCountry "GBR"]

1. e4 d5 2. exd5 Qxd5 3. Nc3 Qa5 4. d4 Nf6 5. Nf3 Bf5 6. Bc4 e6 7. O-O c6 8.
Bf4 Bb4 9. Ne2 Nbd7 10. Ng3 Bg6 11. c3 Be7 12. Re1 Nd5 13. Bd2 Qc7 14. Bf1 O-O
15. c4 N5f6 16. Nh4 Rad8 17. Nxg6 hxg6 18. Qf3 Rfe8 19. Bc3 Nb6 20. b3 Nh7 21.
Rad1 Bf6 22. Ne4 Be7 23. Bd3 Ng5 24. Nxg5 Bxg5 1/2-1/2

[Event "GBR-ch90 Senior Ch"]
[Site "Edinburgh"]
[Date "2003.07.31"]
[Round "6"]
[White "Gill, Neville"]
[Black "Dickson, George"]
[Result "1/2-1/2"]
[WhiteElo "2112"]
[BlackElo "1928"]
[PlyCount "53"]
[EventDate "2003.07.26"]
[EventType "swiss"]
[EventRounds "7"]
[EventCountry "GBR"]

1. d4 d6 2. e4 Nf6 3. Nc3 g6 4. f4 Bg7 5. Nf3 c5 6. e5 Ng4 7. h3 cxd4 8. Qxd4
Nh6 9. g4 Nc6 10. Bb5 O-O 11. Bxc6 bxc6 12. Be3 dxe5 13. Nxe5 Qxd4 14. Bxd4 f6
15. Nd3 e5 16. fxe5 fxe5 17. Be3 e4 18. Nc5 Rf3 19. Bxh6 Bxh6 20. N3xe4 Re3+
21. Kf2 Ba6 22. g5 Re2+ 23. Kf3 Rf8+ 24. Nf6+ Rxf6+ 25. gxf6 Re3+ 26. Kf2 Re2+
27. Kf3 1/2-1/2

[Event "GBR-ch90 Senior Ch"]
[Site "Edinburgh"]
[Date "2003.07.31"]
[Round "6"]
[White "Hempson, Peter W"]
[Black "Stephenson, F Norman"]
[Result "1/2-1/2"]
[WhiteElo "1976"]
[BlackElo "2072"]
[PlyCount "31"]
[EventDate "2003.07.26"]
[EventType "swiss"]
[EventRounds "7"]
[EventCountry "GBR"]

1. d4 d5 2. c4 e6 3. Nc3 Be7 4. Nf3 Nf6 5. Bg5 O-O 6. e3 h6 7. Bh4 Ne4 8. Bxe7
Qxe7 9. Qc2 Nxc3 10. Qxc3 dxc4 11. Bxc4 b6 12. O-O Bb7 13. Ne5 c5 14. Rad1 cxd4
15. exd4 Nd7 16. Rfe1 1/2-1/2

[Event "GBR-ch90 Senior Ch"]
[Site "Edinburgh"]
[Date "2003.07.31"]
[Round "6"]
[White "Levens, David G"]
[Black "Reuben, Stewart"]
[Result "1-0"]
[WhiteElo "1840"]
[BlackElo "2088"]
[PlyCount "61"]
[EventDate "2003.07.26"]
[EventType "swiss"]
[EventRounds "7"]
[EventCountry "GBR"]

1. e4 c5 2. d3 g6 3. g3 Bg7 4. Bg2 Nc6 5. f4 d6 6. c3 e5 7. Nf3 Nge7 8. fxe5
Nxe5 9. Nxe5 dxe5 10. Be3 Qd6 11. O-O O-O 12. Na3 Be6 13. Nb5 Qb6 14. c4 Nc6
15. Nc3 Nd4 16. Qd2 Rad8 17. Rab1 Qa5 18. b3 a6 19. Nd5 Qxd2 20. Bxd2 Bxd5 21.
cxd5 b6 22. b4 cxb4 23. Bxb4 Rfe8 24. Bd2 Bf8 25. Kh1 b5 26. Bh3 Rb8 27. Rbc1
Rb7 28. Rf6 a5 29. Bxa5 Ra8 30. Bc7 Rc8 31. Bxc8 1-0

[Event "GBR-ch90 Senior Ch"]
[Site "Edinburgh"]
[Date "2003.07.31"]
[Round "6"]
[White "Macrae, James"]
[Black "Watson, James P"]
[Result "1/2-1/2"]
[WhiteElo "1560"]
[BlackElo "1672"]
[PlyCount "54"]
[EventDate "2003.07.26"]
[EventType "swiss"]
[EventRounds "7"]
[EventCountry "GBR"]

1. d4 e6 2. Nf3 d5 3. Bg5 Be7 4. Bxe7 Nxe7 5. e3 O-O 6. Bd3 Nd7 7. Nbd2 c5 8.
c3 Qc7 9. O-O e5 10. dxe5 Nxe5 11. Nxe5 Qxe5 12. Nf3 Qf6 13. h3 h6 14. Qe2 Rb8
15. a4 b6 16. a5 c4 17. Bc2 b5 18. Nd4 Re8 19. Rfb1 Nc6 20. Qf3 Qd6 21. Nxc6
Qxc6 22. Rd1 Be6 23. Rd4 Qc7 24. e4 dxe4 25. Bxe4 Rbd8 26. Bd5 Bxd5 27. Rxd5
Rxd5 1/2-1/2

[Event "GBR-ch90 Senior Ch"]
[Site "Edinburgh"]
[Date "2003.07.31"]
[Round "6"]
[White "Smith, David"]
[Black "Smith, Ivor BN"]
[Result "1/2-1/2"]
[WhiteElo "1712"]
[BlackElo "1920"]
[PlyCount "66"]
[EventDate "2003.07.26"]
[EventType "swiss"]
[EventRounds "7"]
[EventCountry "GBR"]

1. e4 c5 2. Nf3 d6 3. d4 cxd4 4. Nxd4 Nf6 5. Nc3 a6 6. Bc4 e6 7. Bb3 Be7 8. O-O
Qc7 9. Qf3 Nc6 10. Nxc6 bxc6 11. Qg3 O-O 12. Bh6 Ne8 13. Rad1 Kh8 14. Bf4 e5
15. Be3 Be6 16. Rd2 Nf6 17. f3 Nh5 18. Qf2 Nf4 19. Bxf4 exf4 20. Qd4 Qa5 21.
Bxe6 fxe6 22. Qc4 Qb6+ 23. Kh1 d5 24. exd5 cxd5 25. Qe2 Bf6 26. Re1 Qxb2 27.
Nd1 Qxa2 28. Qxe6 Rfd8 29. Rde2 h6 30. Qf5 Qc4 31. Re6 Rf8 32. Qg6 a5 33. Nf2
Rac8 1/2-1/2

[Event "GBR-ch90 Senior Ch"]
[Site "Edinburgh"]
[Date "2003.07.31"]
[Round "6"]
[White "Thomas, Norman G"]
[Black "Rose, Anthony"]
[Result "1/2-1/2"]
[WhiteElo "1504"]
[BlackElo "1552"]
[PlyCount "99"]
[EventDate "2003.07.26"]
[EventType "swiss"]
[EventRounds "7"]
[EventCountry "GBR"]

1. e4 e5 2. Nf3 Nf6 3. Nxe5 Qe7 4. Nf3 Qxe4+ 5. Qe2 Qxe2+ 6. Bxe2 Bc5 7. d4
Bb4+ 8. c3 Ba5 9. Be3 d6 10. O-O h6 11. Re1 O-O 12. Nbd2 c6 13. Bf4 Rd8 14. Bc4
Bg4 15. Re7 d5 16. Bd3 Rd7 17. Re3 Bc7 18. Ne5 Bxe5 19. Rxe5 Be6 20. Rae1 Re7
21. R5e2 Nbd7 22. Bf5 Nf8 23. Nf3 Ree8 24. Bd3 N8d7 25. Ne5 Nh5 26. Bd2 Nhf6
27. h3 Nxe5 28. Rxe5 Bd7 29. Rxe8+ Rxe8 30. Rxe8+ Nxe8 31. f4 Nd6 32. g4 g6 33.
Kg2 Kg7 34. Be1 f5 35. gxf5 Bxf5 36. Be2 Kf6 37. Bh4+ Kf7 38. Bd8 Be4+ 39. Kh2
Bb1 40. a3 b5 41. Bc7 Nf5 42. Bg4 Ne7 43. Bd6 Bf5 44. Bxe7 Bxg4 45. Bc5 Bh5 46.
Bxa7 Ke6 47. Bb8 Kf5 48. Kg3 Bd1 49. Be5 h5 50. Bd6 1/2-1/2

[Event "GBR-ch90 Senior Ch"]
[Site "Edinburgh"]
[Date "2003.08.01"]
[Round "7"]
[White "Anderton, David W"]
[Black "Hempson, Peter W"]
[Result "1-0"]
[WhiteElo "2184"]
[BlackElo "1976"]
[PlyCount "97"]
[EventDate "2003.07.26"]
[EventType "swiss"]
[EventRounds "7"]
[EventCountry "GBR"]

1. d4 d5 2. c4 dxc4 3. e3 e5 4. Bxc4 exd4 5. exd4 Bd6 6. Nf3 Nf6 7. O-O O-O 8.
h3 Nbd7 9. Nc3 c6 10. Bg5 Qc7 11. Bb3 b6 12. Qd2 Ba6 13. Rfe1 Rae8 14. Rac1
Rxe1+ 15. Rxe1 Re8 16. Rxe8+ Nxe8 17. Ne4 Nf8 18. Nxd6 Qxd6 19. Bf4 Qg6 20. Ne5
Qb1+ 21. Kh2 Ne6 22. Nxc6 Qe4 23. Bxe6 fxe6 24. Nb4 Bb7 25. f3 Qf5 26. Be5 h6
27. Qc1 a5 28. Nc2 Nf6 29. Ne3 Qg5 30. Qc3 h5 31. Nc4 Nd5 32. Qd2 Qg6 33. Nd6
Ba6 34. Ne4 Nb4 35. a3 Nd3 36. Bc7 a4 37. Bxb6 e5 38. Bc5 Qf5 39. d5 Qf4+ 40.
Qxf4 exf4 41. Bd4 Kf7 42. g3 Ne1 43. Ng5+ Kg6 44. gxf4 Kf5 45. Bc3 Nd3 46. Ne6
Nxf4 47. Nc5 Bb7 48. d6 Ne6 49. d7 1-0

[Event "GBR-ch90 Senior Ch"]
[Site "Edinburgh"]
[Date "2003.08.01"]
[Round "7"]
[White "Dickson, George"]
[Black "Ellison, D George"]
[Result "1-0"]
[WhiteElo "1928"]
[BlackElo "1976"]
[PlyCount "83"]
[EventDate "2003.07.26"]
[EventType "swiss"]
[EventRounds "7"]
[EventCountry "GBR"]

1. d4 Nf6 2. Nf3 g6 3. Bf4 Bg7 4. e3 d6 5. h3 O-O 6. Be2 b6 7. O-O Bb7 8. a4 a5
9. Nbd2 Nbd7 10. Bh2 Ne4 11. Nxe4 Bxe4 12. Nd2 Bb7 13. Bf3 Bxf3 14. Nxf3 Re8
15. c3 e5 16. dxe5 Nxe5 17. Nxe5 Bxe5 18. f4 Bg7 19. f5 Rxe3 20. Qd5 Qe8 21.
fxg6 hxg6 22. Rxf7 Qxf7 23. Qxa8+ Re8 24. Qc6 Bh6 25. Bg3 Re2 26. Re1 Rxe1+ 27.
Bxe1 Be3+ 28. Kh2 Kh7 29. Qe4 Qf4+ 30. Qxf4 Bxf4+ 31. g3 Be5 32. Kg2 c5 33. Kf3
d5 34. b4 axb4 35. cxb4 Bb8 36. g4 cxb4 37. Bxb4 Kg7 38. h4 Be5 39. Bd2 Kf6 40.
Be3 Bc7 41. Bf4 Bd8 42. Bg5+ 1-0

[Event "GBR-ch90 Senior Ch"]
[Site "Edinburgh"]
[Date "2003.08.01"]
[Round "7"]
[White "Flockhart, Hugh S"]
[Black "Nicolson, James R"]
[Result "1/2-1/2"]
[WhiteElo "1776"]
[BlackElo "1688"]
[PlyCount "28"]
[EventDate "2003.07.26"]
[EventType "swiss"]
[EventRounds "7"]
[EventCountry "GBR"]

1. e4 c5 2. Nf3 Nf6 3. Bd3 c4 4. Bxc4 Nxe4 5. Nc3 Nxc3 6. bxc3 d5 7. Bb3 Nc6 8.
d4 g6 9. h3 Bg7 10. Bf4 O-O 11. O-O h6 12. Qd2 Kh7 13. a4 a5 14. c4 dxc4
1/2-1/2

[Event "GBR-ch90 Senior Ch"]
[Site "Edinburgh"]
[Date "2003.08.01"]
[Round "7"]
[White "Reuben, Stewart"]
[Black "Smith, David"]
[Result "1-0"]
[WhiteElo "2088"]
[BlackElo "1712"]
[PlyCount "51"]
[EventDate "2003.07.26"]
[EventType "swiss"]
[EventRounds "7"]
[EventCountry "GBR"]

1. c4 e5 2. g3 f5 3. Bg2 Nf6 4. Nc3 g6 5. d3 Bg7 6. Nh3 O-O 7. c5 c6 8. f4 d5
9. fxe5 Ng4 10. d4 b6 11. cxb6 axb6 12. O-O Bb7 13. Nf4 Qe7 14. h3 Nh6 15. Qb3
Nd7 16. e4 fxe4 17. Nxe4 Nf5 18. Rd1 Kh8 19. Nf2 Bxe5 20. dxe5 Nxe5 21. Bd2 d4
22. Re1 Rfe8 23. N4d3 Qf6 24. Nxe5 Rxe5 25. Rxe5 Qxe5 26. Bf4 1-0

[Event "GBR-ch90 Senior Ch"]
[Site "Edinburgh"]
[Date "2003.06.01"]
[Round "7"]
[White "Roth, Michael J"]
[Black "Macrae, James"]
[Result "1-0"]
[WhiteElo "1816"]
[BlackElo "1560"]
[PlyCount "89"]
[EventDate "2003.07.26"]
[EventType "swiss"]
[EventRounds "7"]
[EventCountry "GBR"]

1. e4 Nc6 2. d4 d5 3. e5 Bf5 4. Nf3 e6 5. c3 h5 6. Bd3 Bxd3 7. Qxd3 Nh6 8. Bxh6
Rxh6 9. Nbd2 Qd7 10. O-O-O O-O-O 11. Rde1 Be7 12. h4 f6 13. exf6 Bxf6 14. Re2
Re8 15. Rhe1 Rhh8 16. b4 Re7 17. Nb3 b6 18. Qa6+ Kb8 19. Rb2 Ka8 20. Qd3 e5 21.
dxe5 Nxe5 22. Nxe5 Rxe5 23. Rxe5 Bxe5 24. g3 Qc6 25. Rc2 Re8 26. Re2 Re7 27.
Nd4 Qe8 28. Nb5 Qc6 29. f4 Bf6 30. Rxe7 Bxe7 31. Qxd5 Qxd5 32. Nxc7+ Kb7 33.
Nxd5 Bd6 34. Kc2 Kc6 35. c4 a5 36. a3 axb4 37. axb4 b5 38. Kc3 bxc4 39. Kxc4
Kd7 40. Ne3 g6 41. b5 Ke6 42. b6 Bb8 43. Kc5 Kd7 44. Kd5 Bd6 45. Nc4 1-0

[Event "GBR-ch90 Senior Ch"]
[Site "Edinburgh"]
[Date "2003.08.01"]
[Round "7"]
[White "Smith, Ivor BN"]
[Black "Bissell, Maurice"]
[Result "1/2-1/2"]
[WhiteElo "1920"]
[BlackElo "1840"]
[PlyCount "61"]
[EventDate "2003.07.26"]
[EventType "swiss"]
[EventRounds "7"]
[EventCountry "GBR"]

1. e4 e6 2. d4 d5 3. e5 c5 4. c3 Nc6 5. Nf3 Qb6 6. a3 cxd4 7. cxd4 Nge7 8. Nc3
Nf5 9. Na4 Qd8 10. Be2 Bd7 11. O-O Be7 12. Be3 O-O 13. b4 b6 14. Nb2 f6 15. b5
Nxe3 16. fxe3 Na5 17. exf6 Bxf6 18. Qd3 Be8 19. Ne5 g6 20. Bg4 Qe7 21. a4 Bxe5
22. Rxf8+ Kxf8 23. dxe5 Rc8 24. Qd4 Kg7 25. Rf1 Nb3 26. Qf4 Bd7 27. Qf6+ Qxf6
28. exf6+ Kf8 29. Nd3 Rc3 30. Ne5 Bc8 31. Nc6 1/2-1/2

[Event "GBR-ch90 Senior Ch"]
[Site "Edinburgh"]
[Date "2003.08.01"]
[Round "7"]
[White "Tidmarsh, David A"]
[Black "Boyce, James R"]
[Result "1/2-1/2"]
[WhiteElo "1696"]
[BlackElo "1840"]
[PlyCount "95"]
[EventDate "2003.07.26"]
[EventType "swiss"]
[EventRounds "7"]
[EventCountry "GBR"]

1. e4 e5 2. Nf3 Nf6 3. Nc3 Bb4 4. Nxe5 O-O 5. Be2 Re8 6. Nd3 Bxc3 7. dxc3 Nxe4
8. O-O Nc6 9. Nf4 d6 10. Be3 Bd7 11. Re1 Nf6 12. Nd5 Nxd5 13. Qxd5 Be6 14. Qh5
Qf6 15. Bd3 g6 16. Qh6 Qg7 17. Qxg7+ Kxg7 18. f4 Ne7 19. Bd4+ Kf8 20. h3 Bf5
21. Kf2 Bxd3 22. cxd3 c5 23. Be3 Nd5 24. Bd2 f5 25. a3 Kf7 26. a4 Nf6 27. a5 d5
28. Rxe8 Rxe8 29. Be3 Nd7 30. Ra3 Re6 31. Rb3 b6 32. Ra3 b5 33. b3 a6 34. c4 b4
35. Ra2 d4 36. Bd2 Nb8 37. Ra1 Nc6 38. Kf3 h5 39. Ra2 g5 40. Ra1 g4+ 41. hxg4
hxg4+ 42. Kf2 Kg6 43. g3 Kf7 44. Ra2 Rh6 45. Kg2 Rh3 46. Be1 Ne7 47. Bf2 Ng6
48. Rd2 1/2-1/2

[Event "GBR-ch90 Senior Ch"]
[Site "Edinburgh"]
[Date "2003.08.01"]
[Round "7"]
[White "Toothill, John"]
[Black "Levens, David G"]
[Result "1-0"]
[WhiteElo "1984"]
[BlackElo "1840"]
[PlyCount "77"]
[EventDate "2003.07.26"]
[EventType "swiss"]
[EventRounds "7"]
[EventCountry "GBR"]

1. c4 c5 2. Nc3 Nf6 3. g3 e6 4. Nf3 b6 5. Bg2 Bb7 6. O-O Be7 7. Re1 d5 8. cxd5
exd5 9. d4 O-O 10. b3 Nbd7 11. Bb2 Re8 12. Qc2 Rc8 13. Qb1 Bf8 14. e3 g6 15. a4
a6 16. Qa2 Bg7 17. Red1 Ne4 18. Rac1 Nxc3 19. Bxc3 c4 20. Nd2 b5 21. axb5 axb5
22. bxc4 bxc4 23. Qa7 Ba8 24. Ba5 Qe7 25. Ra1 Bc6 26. Bc3 h5 27. Re1 Qd6 28.
Qa3 Qe6 29. e4 Ra8 30. Qc1 Rxa1 31. Bxa1 Bh6 32. f4 h4 33. Kf2 dxe4 34. Nxe4
Qg4 35. d5 Bxd5 36. Qc3 f6 37. Nxf6+ Nxf6 38. Bxd5+ Nxd5 39. Qh8+ 1-0

[Event "GBR-ch90 Senior Ch"]
[Site "Edinburgh"]
[Date "2003.08.01"]
[Round "7"]
[White "Watson, James P"]
[Black "Thomas, Norman G"]
[Result "1/2-1/2"]
[WhiteElo "1672"]
[BlackElo "1504"]
[PlyCount "106"]
[EventDate "2003.07.26"]
[EventType "swiss"]
[EventRounds "7"]
[EventCountry "GBR"]

1. d4 e6 2. c4 Nf6 3. Nc3 Bb4 4. Qc2 d5 5. Bg5 Be7 6. e3 Nbd7 7. Nf3 O-O 8.
cxd5 exd5 9. Bd3 h6 10. Bh4 c6 11. O-O Re8 12. Rfe1 Qc7 13. Bg3 Bd6 14. Nb5
cxb5 15. Qxc7 Bxc7 16. Bxc7 a6 17. Rac1 Nf8 18. Rc2 Ne6 19. Rec1 Nd7 20. Bd6 g6
21. h3 b6 22. g4 Bb7 23. Kh2 Rac8 24. Kg3 Rxc2 25. Rxc2 Rc8 26. Rxc8+ Bxc8 27.
h4 Nf6 28. Ne5 Bb7 29. f3 Kg7 30. f4 Ne4+ 31. Bxe4 dxe4 32. Nd7 a5 33. Be5+ Kg8
34. Nxb6 f5 35. gxf5 gxf5 36. Nd7 Kf7 37. Nf6 Ng7 38. d5 Ne8 39. Nxe8 Kxe8 40.
d6 Bc6 41. Kf2 h5 42. Ke2 a4 43. Kd2 Kf7 44. Kc3 Bd7 45. Kd4 Ke8 46. Kc5 Kd8
47. Bf6+ Kc8 48. Kb6 Kb8 49. Bd8 Kc8 50. Bc7 Be8 51. Kc5 Kb7 52. a3 Bd7 53. Kd4
Kc6 1/2-1/2